Conozcamos al preescolar / (Registro nro. 18488)
[ vista simple ]
| 000 -CABECERA | |
|---|---|
| campo de control de longitud fija | 00569nam a2200169 a 4500 |
| 001 - NÚMERO DE CONTROL | |
| campo de control | 000018970 |
| 005 - FECHA Y HORA DE LA ÚLTIMA TRANSACCIÓN | |
| campo de control | 20200929165906.0 |
| 008 - DATOS DE LONGITUD FIJA--INFORMACIÓN GENERAL | |
| campo de control de longitud fija | 100521nuuuuuuuuxxum r 000 0 spa d |
| 040 ## - FUENTE DE LA CATALOGACIÓN | |
| Centro catalogador/agencia de origen | DO-SdBNP |
| Lengua de catalogación | spa |
| Centro/agencia transcriptor | BNPHU |
| 082 ## - NÚMERO DE LA CLASIFICACIÓN DECIMAL DEWEY | |
| Número de clasificación | xxx |
| Número de documento/Ítem | M478 |
| 049 ## - FONDOS LOCALES (OCLC) | |
| Fondos de biblioteca | BNGR |
| 100 1# - ENTRADA PRINCIPAL--NOMBRE DE PERSONA | |
| Nombre de persona | McEwen Shields, Elizabeth |
| 9 (RLIN) | 40813 |
| 245 10 - MENCIÓN DE TÍTULO | |
| Título | Conozcamos al preescolar / |
| Mención de responsabilidad, etc. | Elizabeth McEwen Shields ; traducción Alicia Müller de trelles. |
| 260 ## - PUBLICACIÓN, DISTRIBUCIÓN, ETC. | |
| Lugar de publicación, distribución, etc. | Texas : |
| Nombre del editor, distribuidor, etc. | Casa Bautista de Publicaciones, |
| Fecha de publicación, distribución, etc. | [s. f.]. |
| 300 ## - DESCRIPCIÓN FÍSICA | |
| Extensión | 157 p. : |
| Otras características físicas | música ; |
| Dimensiones | 17 cm. |
| 700 1# - PUNTO DE ACCESO ADICIONAL--NOMBRE DE PERSONA | |
| Nombre de persona | Müller de trelles, Alicia, |
| Término indicativo de función/relación | tr. |
| 9 (RLIN) | 40814 |
| Estado de retiro | Estado de pérdida | Restricciones de uso | No para préstamo | Código de colección | Localización permanente | Ubicación/localización actual | Ubicación en estantería | Fecha de adquisición | Número de inventario | Total de préstamos | Signatura topográfica completa | Código de barras | Fecha visto por última vez | Precio válido a partir de | Tipo de ítem Koha |
|---|---|---|---|---|---|---|---|---|---|---|---|---|---|---|---|
| Monografías: Libros y Folletos | General | General | En catalogación | 21.05.2010 | LF1 | xxx M478 | 18970-10 | 25.06.2020 | 25.06.2020 | Préstamo en sala |
